000
00368nam a2200133Ia 4500
008
151001s9999||||xx |||||||||||||| ||und||
100
_a
हरी नारायण आपटे
245
_a
दिवाकरदृष्टी
250
_a
1
260
_b
आपटे आणि मंडळीÇ
260
_c
1929
300
_a
121
365
_b
17
999
_c
962817
_d
962814